Nosotros, los pueblos /
Αποθηκεύτηκε σε:
| Κύριος συγγραφέας: | |
|---|---|
| Μορφή: | Κείμενο |
| Θέματα: | |
| Ετικέτες: |
Προσθήκη ετικέτας
Δεν υπάρχουν, Καταχωρήστε ετικέτα πρώτοι!
|
MARC
| LEADER | 00000 a a2200000 04500 | ||
|---|---|---|---|
| 001 | 18261 | ||
| 003 | |||
| 040 | |||
| 100 | |a Soler Roca, Miguel | ||
| 245 | |a Nosotros, los pueblos / |c Miguel Soler Roca | ||
| 650 | |a GUERRA | ||
| 650 | |a ONU | ||
| 650 | |a IMPERIALISMO | ||
| 773 | |g número 95; páginas 139-142 | ||
| 999 | |c 36609 |d 36609 | ||
